000 00669nam2a2200205 4500
001 RU\NLR\PER_A\002865702_000200
005 20250624152359.0
035 _a(NLR Aleph) 012773937
090 _a13101495
_c13101495
100 _a20220427d2021 |||y0rusy50 ca
101 0 _arus
102 _aRU
200 0 _a2021, № 1 (21)
210 _d2021
_aБ. м.
461 0 _1001RU\NLR\Per\615123
_12001#$aЛитературный MIX$v2021, № 1 (21)
_93144145
_cСанкт-Петербург
_d2008 -
_nНордмедиздат
_tЛитературный MIX
_y26584638
_v2021, № 1 (21)
852 _aNLR
_jП35/910
942 _cISSUE
980 _aNB
980 _aRUSPER